Normal view
MARC view
- MECHANICAL ENGINEERING DESIGN. ENGINEERING DESIGN-MECHANICAL
Entry Topical Term
001 - CONTROL NUMBER
- control field: 63414
003 - CONTROL NUMBER IDENTIFIER
- control field: NUST
005 - DATE AND TIME OF LATEST TRANSACTION
- control field: 20210628203121.0
008 - FIXED-LENGTH DATA ELEMENTS
- fixed length control field: 210628|| aca||aabn | a|a d
040 ## - CATALOGING SOURCE
- Original cataloging agency: NUST
- Transcribing agency: NUST
150 ## - HEADING--TOPICAL TERM
- Topical term or geographic name entry element: MECHANICAL ENGINEERING DESIGN. ENGINEERING DESIGN-MECHANICAL
670 ## - SOURCE DATA FOUND
- Source citation: Work cat.: (NUST): Shigley, Joseph E , Shigley, Joseph E , Budynas, Richard G 63413, Mechanical engineering design , in si units, 2008
